000 00320nam a2200133Ia 4500
008 231017s9999 xx 000 0 und d
082 _a624.212
082 _bWIL
245 0 _aNCHRP Report 519
245 0 _cTransportation Research Board
260 _bTransportation Research Board
300 _c30cm
942 _cREP
999 _c605696
_d605696